Fr. Conceicao Rodrigues College of Engineering

How to pass numerical reasoning tests (Record no. 35414)

MARC details
000 -LEADER
fixed length control field 00335nam a2200157Ia 4500
082 ## - DEWEY DECIMAL CLASSIFICATION NUMBER
Classification number 371.2
Item number SMI
100 ## - MAIN ENTRY--PERSONAL NAME
Personal name Smith/Heidi
245 ## - TITLE STATEMENT
Title How to pass numerical reasoning tests
260 ## - PUBLICATION, DISTRIBUTION, ETC.
Name of publisher, distributor, etc. Kogan Page
Date of publication, distribution, etc. 2011
366 ## - TRADE AVAILABILITY INFORMATION
Publishers's discount category 20
300 ## - PHYSICAL DESCRIPTION
Extent 230
546 ## - LANGUAGE NOTE
Language note ENGLISH
-- Computers
650 ## - SUBJECT ADDED ENTRY--TOPICAL TERM
Topical term or geographic name entry element Reasoning
942 ## - ADDED ENTRY ELEMENTS (KOHA)
Koha item type BOOK
Holdings
Withdrawn status Lost status Damaged status Not for loan Collection Home library Current library Date acquired Source of acquisition Cost, normal purchase price Inventory number Total Checkouts Full call number Barcode Date last seen Date last checked out Cost, replacement price Price effective from Koha item type
        CRC Fr. Agnel's C.Rodrigues College of Engineering Fr. Agnel's C.Rodrigues- College of Engineering 17/03/2023 Dharma Enterprises 200.00 145 dt 23/05/2013 1 371.2 SMI 22655 21/06/2025 12/06/2023 250.00   BOOK